<?xml version="1.0" encoding="UTF-8"?>
<record
    xmlns:xsi="http://www.w3.org/2001/XMLSchema-instance"
    xsi:schemaLocation="http://www.loc.gov/MARC21/slim http://www.loc.gov/standards/marcxml/schema/MARC21slim.xsd"
    xmlns="http://www.loc.gov/MARC21/slim">

  <leader>00663nam a22001337a 4500</leader>
  <datafield tag="040" ind1=" " ind2=" ">
    <subfield code="c">RUA</subfield>
  </datafield>
  <datafield tag="082" ind1=" " ind2=" ">
    <subfield code="a">GRS HEM 2017 B641 Or.1</subfield>
  </datafield>
  <datafield tag="100" ind1=" " ind2=" ">
    <subfield code="a">HEM BOL &#x17A0;&#x17C2;&#x1798; &#x1794;&#x17BB;&#x179B;</subfield>
  </datafield>
  <datafield tag="245" ind1=" " ind2=" ">
    <subfield code="a">pesticide use on season rice in trea commune samroung district takeo province &#x1780;&#x17B6;&#x179A;&#x1794;&#x17D2;&#x179A;&#x17BE;&#x1794;&#x17D2;&#x179A;&#x17B6;&#x179F;&#x17CB;&#x1790;&#x17D2;&#x1793;&#x17B6;&#x17C6;&#x1780;&#x179F;&#x17B7;&#x1780;&#x1798;&#x17D2;&#x1798;&#x179B;&#x17BE;&#x178A;&#x17C6;&#x178E;&#x17B6;&#x17C6;&#x179F;&#x17D2;&#x179A;&#x17BC;&#x179C;&#x1794;&#x17D2;&#x179A;&#x17B6;&#x17C6;&#x1793;&#x17C5;&#x1783;&#x17BB;&#x17C6;&#x1791;&#x17D2;&#x179A;&#x17B6; &#x179F;&#x17D2;&#x179A;&#x17BB;&#x1780;&#x179F;&#x17C6;&#x179A;&#x17C4;&#x1784; &#x1781;&#x17C1;&#x178F;&#x17D2;&#x178F;  &#x178F;&#x17B6;&#x1780;&#x17C2;&#x179C;</subfield>
  </datafield>
  <datafield tag="260" ind1=" " ind2=" ">
    <subfield code="a">RUA</subfield>
    <subfield code="b">Phnom Penh</subfield>
    <subfield code="c">2017</subfield>
  </datafield>
  <datafield tag="300" ind1=" " ind2=" ">
    <subfield code="a">vii;46p</subfield>
    <subfield code="b">ill;</subfield>
    <subfield code="c">29cm</subfield>
  </datafield>
  <datafield tag="856" ind1=" " ind2=" ">
    <subfield code="u">https://drive.google.com/file/d/1qcpPQpN4BEsDnWZifigZGRbBRoHAJXdx/view?usp=sharing</subfield>
  </datafield>
  <datafield tag="942" ind1=" " ind2=" ">
    <subfield code="c">GRS</subfield>
  </datafield>
  <datafield tag="999" ind1=" " ind2=" ">
    <subfield code="c">18097</subfield>
    <subfield code="d">18097</subfield>
  </datafield>
  <datafield tag="952" ind1=" " ind2=" ">
    <subfield code="0">0</subfield>
    <subfield code="1">0</subfield>
    <subfield code="2">ddc</subfield>
    <subfield code="4">0</subfield>
    <subfield code="6">GRS_HEM_2017_000000000000000_B641_OR_1</subfield>
    <subfield code="7">0</subfield>
    <subfield code="9">80621</subfield>
    <subfield code="a">LBB</subfield>
    <subfield code="b">LBB</subfield>
    <subfield code="c">B641</subfield>
    <subfield code="d">2019-07-29</subfield>
    <subfield code="o">GRS HEM 2017 B641 Or.1</subfield>
    <subfield code="p">A29730</subfield>
    <subfield code="r">2019-07-29</subfield>
    <subfield code="w">2019-07-29</subfield>
    <subfield code="y">GRS</subfield>
  </datafield>
  <datafield tag="952" ind1=" " ind2=" ">
    <subfield code="0">0</subfield>
    <subfield code="1">0</subfield>
    <subfield code="2">ddc</subfield>
    <subfield code="4">0</subfield>
    <subfield code="6">GRS_HEM_2017_000000000000000_B641_OR_2</subfield>
    <subfield code="7">0</subfield>
    <subfield code="9">80622</subfield>
    <subfield code="a">LBB</subfield>
    <subfield code="b">LBB</subfield>
    <subfield code="c">B641</subfield>
    <subfield code="d">2019-07-29</subfield>
    <subfield code="o">GRS HEM 2017 B641 Or.2</subfield>
    <subfield code="p">A29520</subfield>
    <subfield code="r">2019-07-29</subfield>
    <subfield code="w">2019-07-29</subfield>
    <subfield code="y">GRS</subfield>
  </datafield>
  <datafield tag="952" ind1=" " ind2=" ">
    <subfield code="0">0</subfield>
    <subfield code="1">0</subfield>
    <subfield code="2">ddc</subfield>
    <subfield code="4">0</subfield>
    <subfield code="6">GRS_HEM_2017_000000000000000_B641_OR_3</subfield>
    <subfield code="7">0</subfield>
    <subfield code="9">80623</subfield>
    <subfield code="a">LBB</subfield>
    <subfield code="b">LBB</subfield>
    <subfield code="c">B641</subfield>
    <subfield code="d">2019-07-29</subfield>
    <subfield code="o">GRS HEM 2017 B641 Or.3</subfield>
    <subfield code="p">A29980</subfield>
    <subfield code="r">2019-07-29</subfield>
    <subfield code="w">2019-07-29</subfield>
    <subfield code="y">GRS</subfield>
  </datafield>
  <datafield tag="952" ind1=" " ind2=" ">
    <subfield code="0">0</subfield>
    <subfield code="1">0</subfield>
    <subfield code="2">ddc</subfield>
    <subfield code="4">0</subfield>
    <subfield code="6">GRS_HEM_2017_000000000000000_B641_OR_4</subfield>
    <subfield code="7">0</subfield>
    <subfield code="9">80624</subfield>
    <subfield code="a">LBB</subfield>
    <subfield code="b">LBB</subfield>
    <subfield code="c">B641</subfield>
    <subfield code="d">2019-07-29</subfield>
    <subfield code="o">GRS HEM 2017 B641 Or.4</subfield>
    <subfield code="p">A29530</subfield>
    <subfield code="r">2019-07-29</subfield>
    <subfield code="w">2019-07-29</subfield>
    <subfield code="y">GRS</subfield>
  </datafield>
  <datafield tag="952" ind1=" " ind2=" ">
    <subfield code="0">0</subfield>
    <subfield code="1">0</subfield>
    <subfield code="2">ddc</subfield>
    <subfield code="4">0</subfield>
    <subfield code="6">GRS_HEM_2017_000000000000000_B641_OR_5</subfield>
    <subfield code="7">0</subfield>
    <subfield code="9">80625</subfield>
    <subfield code="a">LBB</subfield>
    <subfield code="b">LBB</subfield>
    <subfield code="c">B641</subfield>
    <subfield code="d">2019-07-29</subfield>
    <subfield code="o">GRS HEM 2017 B641 Or.5</subfield>
    <subfield code="p">A29455</subfield>
    <subfield code="r">2019-07-29</subfield>
    <subfield code="w">2019-07-29</subfield>
    <subfield code="y">GRS</subfield>
  </datafield>
  <datafield tag="952" ind1=" " ind2=" ">
    <subfield code="0">0</subfield>
    <subfield code="1">0</subfield>
    <subfield code="2">ddc</subfield>
    <subfield code="4">0</subfield>
    <subfield code="6">GRS_HEM_2017_000000000000000_B641_OR_6</subfield>
    <subfield code="7">0</subfield>
    <subfield code="9">80626</subfield>
    <subfield code="a">LBB</subfield>
    <subfield code="b">LBB</subfield>
    <subfield code="c">B641</subfield>
    <subfield code="d">2019-07-29</subfield>
    <subfield code="l">3</subfield>
    <subfield code="m">1</subfield>
    <subfield code="o">GRS HEM 2017 B641 Or.6</subfield>
    <subfield code="p">A29830</subfield>
    <subfield code="r">2024-11-08</subfield>
    <subfield code="s">2024-09-23</subfield>
    <subfield code="w">2019-07-29</subfield>
    <subfield code="y">GRS</subfield>
  </datafield>
  <datafield tag="952" ind1=" " ind2=" ">
    <subfield code="0">0</subfield>
    <subfield code="1">0</subfield>
    <subfield code="2">ddc</subfield>
    <subfield code="4">0</subfield>
    <subfield code="6">GRS_HEM_2017_000000000000000_B641_OR_7</subfield>
    <subfield code="7">0</subfield>
    <subfield code="9">80627</subfield>
    <subfield code="a">LBB</subfield>
    <subfield code="b">LBB</subfield>
    <subfield code="c">B641</subfield>
    <subfield code="d">2019-07-29</subfield>
    <subfield code="o">GRS HEM 2017 B641 Or.7</subfield>
    <subfield code="p">A29755</subfield>
    <subfield code="r">2019-07-29</subfield>
    <subfield code="w">2019-07-29</subfield>
    <subfield code="y">GRS</subfield>
  </datafield>
</record>
